000
00377nam a22001577a 4500
005
20251108172837.0
008
250721s9999 xx 000 0 ara d
082
1
4
_a
793.8/كلو
100
1
_a
كلور، جورج
245
1
0
_a
فن العاب الخفة /
250
_a
ط2
264
_b
دار الرضوان،
300
_a
266ص
942
_2
ddc
_c
BK
999
_c
89872
_d
89872